Acta oeconomica Pragensia vědecký časopis VŠE

Gespeichert in:
Bibliographische Detailangaben
Format: Schriftenreihe
Sprache:Tschechisch
Veröffentlicht: Praha Vysoká škola ekonomická 2018
Tags: Tag hinzufügen
Keine Tags, Fügen Sie das erste Tag hinzu!

MARC

LEADER 00000nas2a2200000 4500
001 0250429
005 20230125134311.1
022 |a 0572-3043 
041 0 |a cze 
044 |a CZ 
245 1 0 |a Acta oeconomica Pragensia  |b vědecký časopis VŠE 
264 1 |a Praha  |b Vysoká škola ekonomická  |c 2018 
773 0 |w eu_un_cat*s120001 
774 0 |w eu_un_cat*0290455